000 03514nam2a22005891 4500
001 v19\rc\1579726
005 20260406164920.0
035 _a(NLR Aleph) 005228362
090 _a5578573
_c5578573
100 _a20061002d1894 |||y0rusy50 ca
101 0 _arus
102 _aRU
105 _ac z |||||
200 1 _a11. Державин
210 _d1894
_aБ. м.
215 _a[4], 603-776 с.
_cпортр.
423 0 _11010#$arus
_12001#$aОтд. II. 12. Аблесимов
_tОтд. II. 12. Аблесимов
423 0 _11010#$arus
_12001#$a13. Барков
_t13. Барков
423 0 _11010#$arus
_12001#$a14. Княгиня Дашкова
_t14. Княгиня Дашкова
423 0 _11010#$arus
_12001#$a15. Елагин
_t15. Елагин
423 0 _11010#$arus
_12001#$a16. Капнист
_t16. Капнист
423 0 _11010#$arus
_12001#$a17. Княжнин
_t17. Княжнин
423 0 _11010#$arus
_12001#$a18. Козодавлев
_t18. Козодавлев
423 0 _11010#$arus
_12001#$a19. Львов
_t19. Львов
461 0 _1001v19\rc\1579722
_12001#$aРусская поэзия$eСобр. произведений рус. поэтов, частью в полн. составе, частью в извлеч., с важнейшими крит.-биогр. ст., библиогр. примеч. и портр.$fИзд. под ред. С.А. Венгерова.$vВып. 4
_94770278
_cСанкт-Петербург
_d1893-1901
_fИзд. под ред. С.А. Венгерова. Вып. 1-7
_nтип. И.А. Ефрона
_oСобр. произведений рус. поэтов, частью в полн. составе, частью в извлеч., с важнейшими крит.-биогр. ст., библиогр. примеч. и портр.
_p7 т.
_tРусская поэзия
_vВып. 4
517 0 _aДержавин
517 0 _aАблесимов
517 0 _aБарков
517 0 _aКнягиня Дашкова
517 0 _aЕлагин
517 0 _aКапнист
517 0 _aКняжнин
517 0 _aКозодавлев
517 0 _aЛьвов
702 1 _4570
_8rus
_7ca
_aДержавин
_bГ. Р.
_f1743-1816
_gГаврила Романович
_3RU\NLR\AUTH\773473
_9113469
702 1 _aАблесимов
_bА.О.
_f1742-1783
_gАлександр Онисимович
_4570
702 1 _4570
_8rus
_7ca
_aБарков
_bИ. С.
_f1732-1768
_gИван Семенович
_3RU\NLR\AUTH\7759748
_942679
702 1 _4570
_8rus
_7ca
_aДашкова
_bЕ. Р.
_f1743-1810
_gЕкатерина Романовна
_3RU\NLR\AUTH\7711360
_9121109
702 1 _aЕлагин
_bИ.П.
_f1725-ок. 1794
_gИван Перфильевич
_4570
702 1 _4570
_8rus
_7ca
_aКапнист
_bВ. В.
_f1757-1823
_gВасилий Васильевич
_3RU\NLR\AUTH\7723173
_96227
702 1 _4570
_8rus
_7ca
_aКняжнин
_bЯ. Б.
_f1742-1791
_gЯков Борисович
_3RU\NLR\AUTH\7792540
_975467
702 1 _4570
_8rus
_7ca
_aКозодавлев
_bО. П.
_f1754-1819
_gОсип Петрович
_3RU\NLR\AUTH\7785225
_968153
702 1 _4570
_8rus
_7ca
_aЛьвов
_bН. А.
_f1751-1803
_gНиколай Александрович
_3RU\NLR\AUTH\7749188
_932123
801 0 _aRU
_bNLR
_c20061002
_gpsbo
801 0 _aRU
_bRuMoRGB
_c20061002
_2psbo
801 1 _aRU
_bProSoft-M
_c20061002
_2rusmarc
801 2 _aRU
_bNLR
_c20101011
_2rusmarc
852 _aNLR
_j18.340а.1.1(4)
852 _aNLR
_j52/705(4)
942 _cBOOK
980 _aNB